মার্কসবাদ ও নন্দনতত্ত্ব ১ / (Record no. 2693)

MARC details
000 -LEADER
fixed length control field 00882nam a22002297a 4500
003 - CONTROL NUMBER IDENTIFIER
control field BD-DhJNU
005 - DATE AND TIME OF LATEST TRANSACTION
control field 20260420030000.0
008 - FIXED-LENGTH DATA ELEMENTS--GENERAL INFORMATION
fixed length control field 260420b |||||||| |||| 00| 0 eng d
020 ## - INTERNATIONAL STANDARD BOOK NUMBER
International Standard Book Number 9789380732343
040 ## - CATALOGING SOURCE
Original cataloging agency BD-DhJNU
Language of cataloging ENG
Transcribing agency BD-DhJNU
Modifying agency BD-DhJNU
082 ## - DEWEY DECIMAL CLASSIFICATION NUMBER
Edition number 23
Classification number 801.93 VTM
100 ## - MAIN ENTRY--PERSONAL NAME
Personal name ভট্টাচার্য, রামকৃষ্ণ
242 ## - TRANSLATION OF TITLE BY CATALOGING AGENCY
Title Marxist aesthetics 1 /
Statement of responsibility, etc. Ramkrishna Bhattacharya
245 ## - TITLE STATEMENT
Title মার্কসবাদ ও নন্দনতত্ত্ব ১ /
Statement of responsibility, etc. রামকৃষ্ণ ভট্টাচার্য
Medium
246 ## - VARYING FORM OF TITLE
Title proper/short title Marrkrrisbad o ngndontttw 1
260 ## - PUBLICATION, DISTRIBUTION, ETC.
Place of publication, distribution, etc. কলকাতা :
Name of publisher, distributor, etc. অবভাস,
Date of publication, distribution, etc. 2022.
300 ## - PHYSICAL DESCRIPTION
Extent ১৯২ পৃ. :
Other physical details চিত্র ;
Dimensions ২২ সেমি.।
490 ## - SERIES STATEMENT
Volume/sequential designation পর্ব ১
650 ## - SUBJECT ADDED ENTRY--TOPICAL TERM
Topical term or geographic name entry element নন্দনতত্ত্ব
650 ## - SUBJECT ADDED ENTRY--TOPICAL TERM
Topical term or geographic name entry element Aesthetics
942 ## - ADDED ENTRY ELEMENTS (KOHA)
Source of classification or shelving scheme Dewey Decimal Classification
Koha item type Books
Suppress in OPAC No
Holdings
Withdrawn status Lost status Source of classification or shelving scheme Damaged status Not for loan Collection Home library Current library Shelving location Date acquired Source of acquisition Total checkouts Full call number Barcode Date last seen Copy number Price effective from Koha item type
    Dewey Decimal Classification     Non-fiction Jagannath University Central Library Jagannath University Central Library General stacks 04/20/2026 Purchased   801.93 VTM JNUCL36175 04/20/2026 1 04/20/2026 Books